Turn-around churches : (Record no. 2143)
[ view plain ]
| 000 -LEADER | |
|---|---|
| fixed length control field | 01068cam a2200289 a 4500 |
| 001 - CONTROL NUMBER | |
| control field | 131955 |
| 003 - CONTROL NUMBER IDENTIFIER | |
| control field | GBCCL |
| 005 - DATE AND TIME OF LATEST TRANSACTION | |
| control field | 20241126110419.0 |
| 008 - FIXED-LENGTH DATA ELEMENTS--GENERAL INFORMATION | |
| fixed length control field | 080312s1993 cau 000 0 eng d |
| 020 ## - INTERNATIONAL STANDARD BOOK NUMBER | |
| International Standard Book Number | 9780830716579 (pbk.) |
| 020 ## - INTERNATIONAL STANDARD BOOK NUMBER | |
| International Standard Book Number | 0830716572 (pbk.) |
| 035 ## - SYSTEM CONTROL NUMBER | |
| System control number | (OCoLC)ocn213352024 |
| 035 ## - SYSTEM CONTROL NUMBER | |
| System control number | (OCoLC)213352024 |
| 040 ## - CATALOGING SOURCE | |
| Original cataloging agency | VLB |
| Transcribing agency | VLB |
| Modifying agency | BAKER |
| -- | LBB |
| 049 ## - | |
| -- | LBBK |
| 050 14 - | |
| -- | BV600.2 |
| -- | .B34 1993 |
| 082 ## - DEWEY DECIMAL CLASSIFICATION NUMBER | |
| Classification number | 254.5 |
| Item number | BAR |
| 090 ## - LOCALLY ASSIGNED LC-TYPE CALL NUMBER (OCLC); LOCAL CALL NUMBER (RLIN) | |
| Classification number (OCLC) (R) ; Classification number, CALL (RLIN) (NR) | BV600.3 |
| Local cutter number (OCLC) ; Book number/undivided call number, CALL (RLIN) | .B34 1993 |
| 100 1# - MAIN ENTRY--PERSONAL NAME | |
| Personal name | Barna, George. |
| 9 (RLIN) | 1012 |
| 245 10 - TITLE STATEMENT | |
| Title | Turn-around churches : |
| Remainder of title | how to overcome barriers to growth and bring new life to an established church / |
| Statement of responsibility, etc. | George Barna. |
| 260 ## - PUBLICATION, DISTRIBUTION, ETC. | |
| Place of publication, distribution, etc. | Ventura, Ca. : |
| Name of publisher, distributor, etc. | Regal Books, |
| Date of publication, distribution, etc. | c1993. |
| 300 ## - PHYSICAL DESCRIPTION | |
| Extent | 122 p. ; |
| Dimensions | 23 cm. |
| 505 0# - FORMATTED CONTENTS NOTE | |
| Formatted contents note | Reshaping the life cycle -- Symptoms of decline -- From dream to reality -- Attributes of turnaround leaders -- Strategies for growth -- Potholes on the road to recovery -- Avoiding the downward spiral -- The last hurrah. |
| 650 #0 - SUBJECT ADDED ENTRY--TOPICAL TERM | |
| Topical term or geographic name entry element | Church renewal. |
| 9 (RLIN) | 963 |
| 650 #0 - SUBJECT ADDED ENTRY--TOPICAL TERM | |
| Topical term or geographic name entry element | Pastoral theology. |
| 9 (RLIN) | 414 |
| 942 ## - ADDED ENTRY ELEMENTS (KOHA) | |
| Source of classification or shelving scheme | Dewey Decimal Classification |
| Koha item type | Books |
| Koha issues (borrowed), all copies | 5 |
| Withdrawn status | Lost status | Source of classification or shelving scheme | Damaged status | Not for loan | Home library | Current Library | Shelving location | Date acquired | Total checkouts | Full call number | Barcode | Date last seen | Date last checked out | Copy number | Price effective from | Koha item type |
|---|---|---|---|---|---|---|---|---|---|---|---|---|---|---|---|---|
| Dewey Decimal Classification | GRACE BIBLE COLLEGE | GRACE BIBLE COLLEGE | Ministry & Mission | 2017-07-07 | 2 | 254.5 BAR | 012411 | 2025-05-01 | 2018-10-19 | c.1 | 2017-07-07 | Books | ||||
| Dewey Decimal Classification | GRACE BIBLE COLLEGE | GRACE BIBLE COLLEGE | Ministry & Mission | 2017-07-07 | 1 | 254.5 BAR | 012414 | 2025-05-01 | 2021-03-29 | c.4 | 2017-07-07 | Books | ||||
| Dewey Decimal Classification | GRACE BIBLE COLLEGE | GRACE BIBLE COLLEGE | Ministry & Mission | 2017-07-07 | 254.5 BAR | 012415 | 2025-05-01 | c.5 | 2017-07-07 | Books | ||||||
| Dewey Decimal Classification | GRACE BIBLE COLLEGE | GRACE BIBLE COLLEGE | Ministry & Mission | 2017-07-07 | 254.5 BAR | 012416 | 2025-05-01 | c.6 | 2017-07-07 | Books | ||||||
| Dewey Decimal Classification | GRACE BIBLE COLLEGE | GRACE BIBLE COLLEGE | Ministry & Mission | 2017-07-07 | 1 | 254.5 BAR | 012417 | 2025-05-01 | 2023-11-24 | c.7 | 2017-07-07 | Books | ||||
| Dewey Decimal Classification | GRACE BIBLE COLLEGE | GRACE BIBLE COLLEGE | Ministry & Mission | 2017-07-10 | 1 | 254.5 BAR | 012412 | 2025-05-01 | 2018-10-18 | c.2 | 2017-07-10 | Books | ||||
| Dewey Decimal Classification | GRACE BIBLE COLLEGE | GRACE BIBLE COLLEGE | Ministry & Mission | 2017-07-10 | 254.5 BAR | 012413 | 2025-05-01 | c.3 | 2017-07-10 | Books |